Quevedo y la poesía moral española /

Bibliographic Details
Main Author: Rey, Alfonso, 1946-
Format: Book
Language:Spanish
Published: Madrid : Editorial Castalia, [1995]
Series:Nueva biblioteca de erudición y crítica ; 11.
Subjects:

MARC

Tag First Indicator Second Indicator Subfields
LEADER 00000cam a2200000 a 4500
001 in00001402983
005 20151020053112.0
008 960807s1995 sp b 001 0 spa
010 |a  96177860  
020 |a 8470397265 
035 |a (OCoLC)37345556 
035 |9 AHM7029AM 
040 |a DLC  |c DLC  |d I5B  |d TXA  |d UtOrBLW 
049 |a TXAM 
050 0 0 |a PQ6424.Z5  |b R48 1995 
082 0 0 |a 861/.3  |2 21 
100 1 |a Rey, Alfonso,  |d 1946- 
245 1 0 |a Quevedo y la poesía moral española /  |c Alfonso Rey. 
264 1 |a Madrid :  |b Editorial Castalia,  |c [1995] 
264 4 |c ©1995 
300 |a 258 pages ;  |c 25 cm. 
336 |a text  |b txt  |2 rdacontent 
337 |a unmediated  |b n  |2 rdamedia 
338 |a volume  |b nc  |2 rdacarrier 
490 1 |a Nueva biblioteca de erudición y crítica ;  |v 11 
504 |a Includes bibliographical references (pages 245-247) and index. 
600 1 0 |a Quevedo, Francisco de,  |d 1580-1645  |x Poetic works. 
600 1 0 |a Quevedo, Francisco de,  |d 1580-1645  |x Ethics. 
600 1 0 |a Quevedo, Francisco de,  |d 1580-1645  |x Political and social views. 
830 0 |a Nueva biblioteca de erudición y crítica ;  |v 11. 
948 |a c:pk 
999 |a MARS 
999 f f |s d80cc58b-ccc0-33be-848f-a9342afd65ab  |i 551511e8-dca2-3206-8bf0-87d8352e8ca1  |t 0 
952 f f |p ric  |a Texas A&M University  |b Rellis Campus  |c Joint Library Facility  |d Remote Storage  |t 0  |e PQ6424.Z5 R48 1995  |h Library of Congress classification  |i unmediated -- volume  |m A14822529328 
998 f f |a PQ6424.Z5 R48 1995  |t 0  |l Remote Storage